| 000 | 00900nam a2200229Ia 4500 | ||
|---|---|---|---|
| 003 | Ost | ||
| 005 | 20260507075037.0 | ||
| 008 | 260507s9999||||xx |||||||||||||| ||und|| | ||
| 040 | _cfsecg | ||
| 041 | _aara | ||
| 082 | _a330 | ||
| 100 |
_aحمدي، كمال _eمؤلف |
||
| 245 | 0 |
_aعقد الشحن والتفريغ في النقل البحري / _c كمال حمدي |
|
| 260 |
_aالاسكندرية: _bمنشأة المعارف, _c2002 |
||
| 300 |
_a339 صفحة؛ _c24 سم |
||
| 490 | _aالمكتبة القانونية | ||
| 504 | _aببلوغرافيا ص.333 | ||
| 520 | _aالشحن والتفريغ بين عمليات النقل البحري-الأحكام العامة لعقد الشحن والترفيغ-المسئولية الناشئة عن عقد الشحن و التفريغ | ||
| 653 | _aالنقل البحري | ||
| 653 | _aشحن السفن | ||
| 942 | _cكتاب | ||
| 999 |
_c42470 _d42470 |
||